<?xml version="1.0" encoding="UTF-8"?><?xml-stylesheet type="text/xsl" href="static/style.xsl"?><OAI-PMH xmlns="http://www.openarchives.org/OAI/2.0/" xmlns:xsi="http://www.w3.org/2001/XMLSchema-instance" xsi:schemaLocation="http://www.openarchives.org/OAI/2.0/ http://www.openarchives.org/OAI/2.0/OAI-PMH.xsd"><responseDate>2026-04-14T02:15:44Z</responseDate><request verb="GetRecord" identifier="oai:www.recercat.cat:10459.1/467744" metadataPrefix="marc">https://recercat.cat/oai/request</request><GetRecord><record><header><identifier>oai:recercat.cat:10459.1/467744</identifier><datestamp>2025-09-15T18:52:20Z</datestamp><setSpec>com_2072_3622</setSpec><setSpec>col_2072_479130</setSpec></header><metadata><record xmlns="http://www.loc.gov/MARC21/slim" xmlns:dcterms="http://purl.org/dc/terms/" xmlns:xsi="http://www.w3.org/2001/XMLSchema-instance" xmlns:doc="http://www.lyncode.com/xoai" xsi:schemaLocation="http://www.loc.gov/MARC21/slim http://www.loc.gov/standards/marcxml/schema/MARC21slim.xsd">
   <leader>00925njm 22002777a 4500</leader>
   <datafield ind2=" " ind1=" " tag="042">
      <subfield code="a">dc</subfield>
   </datafield>
   <datafield ind2=" " ind1=" " tag="720">
      <subfield code="a">Escribà i Gelonch, Marc</subfield>
      <subfield code="e">author</subfield>
   </datafield>
   <datafield ind2=" " ind1=" " tag="720">
      <subfield code="a">Shahbazali, E.</subfield>
      <subfield code="e">author</subfield>
   </datafield>
   <datafield ind2=" " ind1=" " tag="720">
      <subfield code="a">Honing, M.</subfield>
      <subfield code="e">author</subfield>
   </datafield>
   <datafield ind2=" " ind1=" " tag="720">
      <subfield code="a">Hessel, Volker</subfield>
      <subfield code="e">author</subfield>
   </datafield>
   <datafield ind2=" " ind1=" " tag="260">
      <subfield code="c">2018</subfield>
   </datafield>
   <datafield ind2=" " ind1=" " tag="520">
      <subfield code="a">Process intensification commonly enables reaction acceleration and therefore continuous-flow/PAT is urgently needed. The low volumes typical for micro-flow pose challenges for online sampling operations in analytics. In this paper, a very fast process is combined with a modified ultra-high-performance liquid chromatography (UHPLC) system allowing for very fast sampling and analysis. Low-volume online sampling according to the needs posed by PAT for pharma quality control, is introduced here for UHPLC analysis of the photo-Claisen rearrangement in micro-flow. Chances and challenges are critically reviewed, including the reproducibility and robustness of the sampling. Furthermore, the ability and speed of the chosen set-up in order to capture process changes and adjust the process parameters properly is investigated. With the applied online sampling system, it was possible to perform, almost unattended and spending 12 times less sampling volume, a full factorial analysis of all relevant reaction conditions (243 experiments) in three days. Such quality-in-the-process-line (QuIProLi) online sampling avoided random errors due to automation.</subfield>
   </datafield>
   <datafield ind2=" " ind1=" " tag="520">
      <subfield code="a">This project was funded by the Horizon 2020: Marie Skolodowska-Curie Individual Fellowship awarded by Dr. Marc Escribà Gelonch under grant agreement number 659233.</subfield>
   </datafield>
   <datafield tag="653" ind2=" " ind1=" ">
      <subfield code="a">Process automation</subfield>
   </datafield>
   <datafield tag="653" ind2=" " ind1=" ">
      <subfield code="a">Flow chemistry</subfield>
   </datafield>
   <datafield tag="653" ind2=" " ind1=" ">
      <subfield code="a">Fast-sampling</subfield>
   </datafield>
   <datafield tag="653" ind2=" " ind1=" ">
      <subfield code="a">UHPLC</subfield>
   </datafield>
   <datafield tag="653" ind2=" " ind1=" ">
      <subfield code="a">Photo-Claisen rearrangement</subfield>
   </datafield>
   <datafield ind2="0" ind1="0" tag="245">
      <subfield code="a">Quality-in(Process)Line (QuIProLi) process intensification for a micro-flow UV-photo synthesis enabled by online UHPLC analysis</subfield>
   </datafield>
</record></metadata></record></GetRecord></OAI-PMH>